G20 Capitals Quiz Stats

Quiz not verified by Sporcle

Challenge
Share
Tweet
Embed
Score 0/20 Timer 03:00
0 Plays Today
Continent Capital % Correct
North AmericaWashington DC
97.1%
EuropeParis
95.8%
EuropeLondon
95.4%
EuropeBerlin
93.6%
AsiaTokyo
93.5%
AsiaBeijing
92.9%
Asia / EuropeMoscow
91.8%
EuropeRome
89.7%
North AmericaMexico City
89.5%
North AmericaOttawa
86.1%
Continent Capital % Correct
South AmericaBrasilia
85.1%
AustraliaCanberra
84.5%
South AmericaBuenos Aires
82.5%
AsiaNew Delhi
77.4%
AsiaSeoul
77.4%
Asia / EuropeAnkara
76.5%
AfricaPretoria
71.9%
EuropeBrussels
65.2%
AsiaJakarta
63.4%
AsiaRiyadh
51.9%

You're not logged in!

Compare scores with friends on all Sporcle quizzes.
Join for Free
OR
Log In

You Might Also Like...

Show Comments

Extras

Created Sep 7, 2010ReportNominate
Tags:Capital Quiz, G 20

Top Quizzes Today


Score Distribution

Your Account Isn't Verified!

In order to create a playlist on Sporcle, you need to verify the email address you used during registration. Go to your Sporcle Settings to finish the process.

Report this User

Report this user for behavior that violates our Community Guidelines.

Details: